| 000 | 00722nam a22001937a 4500 | ||
|---|---|---|---|
| 999 |
_c18422 _d18422 |
||
| 003 | AR-CdUCM | ||
| 008 | 190514b ||||| |||| 00| 0 spa d | ||
| 040 |
_aMUNICIPALIDAD PROVINCIAL DEL CUSCO _cBIBLIOTECA MUNICIPAL DEL CUSCO |
||
| 082 |
_a828.92 / _bH986 |
||
| 100 |
_aHuley, Aldous. _938997 |
||
| 245 |
_aAdonis y el alfabeto : _bY otros / |
||
| 260 |
_aBuenos Aires : _bSudamericana, _c1958. |
||
| 300 |
_a267 páginas ; _c21 cm. |
||
| 505 | _aContenido : La educación de un anfibio -- Conocimientos y comprensión -- El desierto -- Adonis y el alfabeto -- Usualmente destruido ... | ||
| 650 |
_aEducación. _9460 |
||
| 700 |
_aJordana, G. A. (traductor) _938998 |
||
| 942 |
_2ddc _cLIBROS |
||
| 945 |
_arum _d2019-05-14 |
||